Piloti Vincitori dei Gran Premi di Formula 1 2014 - Statistics

Statistiche generali
  • Questo quiz è stato fatto 28 volte
  • Il punteggio medio è 18 su 19
Statistiche sulle risposte
Gran Premio Vincitore % Corretto
Gran Premio della Malesia Lewis Hamilton
100%
Gran Premio del Bahrein Lewis Hamilton
100%
Gran Premio di Cina Lewis Hamilton
100%
Gran Premio di Spagna Lewis Hamilton
100%
Gran Premio di Gran Bretagna Lewis Hamilton
100%
Gran Premio d'Italia Lewis Hamilton
100%
Gran Premio di Singapore Lewis Hamilton
100%
Gran Premio del Giappone Lewis Hamilton
100%
Gran Premio di Russia Lewis Hamilton
100%
Gran Premio degli Stati Uniti Lewis Hamilton
100%
Gran Premio di Abu Dhabi Lewis Hamilton
100%
Gran Premio d'Australia Nico Rosberg
93%
Gran Premio di Monaco Nico Rosberg
93%
Gran Premio d'Austria Nico Rosberg
93%
Gran Premio di Germania Nico Rosberg
93%
Gran Premio del Brasile Nico Rosberg
93%
Gran Premio del Canada Daniel Ricciardo
85%
Gran Premio d'Ungheria Daniel Ricciardo
85%
Gran Premio del Belgio Daniel Ricciardo
85%
Nessun quiz corrispondente trovato
Distribuzione punteggi
Percentuale di utenti per punteggio
Percentile per numero di risposta
I tuoi punteggi nel tempo
Non hai fatto questo quiz